000 00647nam a2200181Ia 4500
008 100920s9999 xx 000 0 und d
082 _b65351
_a891.461 थ 94
100 _aभावे ल.शं.
245 _aभगवन्र श्रीधर सूर्योदय.
260 _bगोकुळ मासिक प्रकाशन,पुणे.
_c1994
300 _a136
_bसाधी
365 _b30
520 _aपदय.
630 _aभगवन्र श्रीधर सूर्योदय.
650 _aपदय.
730 _aभगवन्र श्रीधर सूर्योदय.
942 _cBOOK
999 _c708138
_d708135